Histoire du drapeau du Belize - Statistiques

Statistiques générales
  • Ce quiz a été pris 30 fois
  • Le résultat moyen est 5 sur 8
Statistiques - réponses
Hint Réponse % Correct
Premier empire mexicain (1822-1823)
89%
Nouvelle Espagne (1519-1821)
79%
Deuxième et quatrième drapeau du Honduras britannique (1875-1884 et 1919-1981)
74%
Deuxième drapeau du Belize (drapeau actuel depuis 2019)
68%
République fédérale d'Amérique centrale (1823-1839)
58%
Premier et troisième drapeau du Honduras britannique (1839-1875 et 1884-1919)
42%
Premier drapeau du Belize (1981-2019)
37%
Régence du Mexique (1821-1822)
32%
Aucun quiz correspondant
Distribution des résultats
% des personnes avec chaque résultat
Percentile par nombre de réponses
Votre historique - résultats
Vous n’avez pas pris ce quiz